Normal view
MARC view
- HELICOPTER FLIGHT HAZARDS HELICOPTER PERFORMANCE HELICOPTER WEIGHT AND BALANCE HELICOPTER COMPONENTS ACC NO-
Entry Topical Term
001 - CONTROL NUMBER
- control field: 71924
003 - CONTROL NUMBER IDENTIFIER
- control field: NUST
005 - DATE AND TIME OF LATEST TRANSACTION
- control field: 20210628204719.0
008 - FIXED-LENGTH DATA ELEMENTS
- fixed length control field: 210628|| aca||aabn | a|a d
040 ## - CATALOGING SOURCE
- Original cataloging agency: NUST
- Transcribing agency: NUST
150 ## - HEADING--TOPICAL TERM
- Topical term or geographic name entry element: HELICOPTER FLIGHT HAZARDS HELICOPTER PERFORMANCE HELICOPTER WEIGHT AND BALANCE HELICOPTER COMPONENTS ACC NO-
670 ## - SOURCE DATA FOUND
- Source citation: Work cat.: (NUST): Us Aviation Adminstration 71923, Basic helicopter handbook, 1996
